[Event "Montcalm VI 2008-09"]
[Site "Quebec CAN"]
[Date "2009.04.23"]
[Round "5"]
[White "Lemelin, Marc"]
[Black "Bourassa, Andre"]
[Result "1/2-1/2"]
[WhiteElo "1669"]
[BlackElo "1767"]
[PlyCount "71"]
[GameId "2160767910223054"]
[EventDate "2009.03.26"]
[EventType "swiss"]
[EventRounds "5"]
[EventCountry "CAN"]

1. d4 d5 2. e3 Bf5 3. f4 e6 4. Nf3 h6 5. Bd3 Bxd3 6. Qxd3 c6 7. Nbd2 Bd6 8. O-O f5 9. g4 Qf6 10. gxf5 exf5 11. Ne5 Ne7 12. c4 g5 13. Kh1 g4 14. Rg1 h5 15. cxd5 Nxd5 16. Ndc4 Bc7 17. e4 Ne7 18. Bd2 fxe4 19. Qxe4 Qf5 20. Rae1 Qxe4+ 21. Rxe4 b5 22. Ng6 Rh7 23. Rge1 bxc4 24. f5 Nd7 25. Rxe7+ Rxe7 26. Nxe7 Kf7 27. Nxc6 Re8 28. Rxe8 Kxe8 29. Bc3 Bb6 30. a4 a6 31. Ne5 Nxe5 32. dxe5 Be3 33. h3 g3 34. e6 Ke7 35. Be5 h4 36. Kg2 1/2-1/2

[Event "Montcalm VII 2008-09"]
[Site "Quebec CAN"]
[Date "2009.05.07"]
[Round "2"]
[White "Bourassa, Andre"]
[Black "Doyon, Stephane"]
[Result "1-0"]
[WhiteElo "1755"]
[BlackElo "1573"]
[PlyCount "59"]
[GameId "2160767910156961"]
[EventDate "2009.04.30"]
[EventType "swiss"]
[EventRounds "5"]
[EventCountry "CAN"]

1. d4 Nf6 2. c4 g6 3. Nc3 Bg7 4. e4 d6 5. Bd3 O-O 6. Nge2 Nbd7 7. O-O e5 8. Bc2 c5 9. d5 Nb6 10. b3 Nh5 11. Ng3 Nf4 12. Be3 f5 13. Qd2 Nfxd5 14. Bg5 Nf6 15. exf5 Bxf5 16. Nxf5 gxf5 17. Bxf5 d5 18. Nxd5 Nbxd5 19. Be6+ Kh8 20. Bxd5 Qc7 21. Rae1 Rad8 22. Bxf6 Rxf6 23. Qe3 Rdf8 24. Rd1 Qa5 25. Bxb7 Qxa2 26. Rd7 Rxf2 27. Rfd1 e4 28. Bxe4 Rxg2+ 29. Bxg2 Bd4 30. R7xd4 1-0

[Event "Montcalm VII 2008-09"]
[Site "Quebec CAN"]
[Date "2009.05.14"]
[Round "3"]
[White "Cummins, Paul"]
[Black "Bourassa, Andre"]
[Result "1/2-1/2"]
[WhiteElo "1664"]
[BlackElo "1755"]
[PlyCount "126"]
[GameId "2160767910156962"]
[EventDate "2009.04.30"]
[EventType "swiss"]
[EventRounds "5"]
[EventCountry "CAN"]

1. e4 c5 2. Nf3 d6 3. d4 cxd4 4. Nxd4 Nf6 5. Nc3 e6 6. Be3 Be7 7. Bc4 O-O 8. Qe2 e5 9. Nb3 Nc6 10. f3 Na5 11. Nxa5 Qxa5 12. O-O-O Be6 13. Bxe6 fxe6 14. Bd2 Rac8 15. Kb1 Qc7 16. Rc1 a6 17. g4 Qc4 18. Qe3 Qd4 19. Qe2 Qc4 20. Qg2 Nd7 21. h4 d5 22. exd5 exd5 23. Rhd1 d4 24. Ne4 Qb5 25. Bg5 Ba3 26. c4 Qb6 27. Rd3 Bc5 28. h5 Qe6 29. Bd2 Ba7 30. b3 Nc5 31. Nxc5 Bxc5 32. Re1 Rce8 33. Re4 Qc6 34. Qe2 Bd6 35. Be1 b5 36. cxb5 Qxb5 37. Qd1 Rc8 38. f4 Qc6 39. Re2 Ba3 40. Rc2 Qxc2+ 41. Qxc2 Rxc2 42. Kxc2 Rxf4 43. Bg3 Rxg4 44. Bxe5 Rg2+ 45. Rd2 Rxd2+ 46. Kxd2 Bc5 47. Kd3 g5 48. hxg6 hxg6 49. Kc4 Ba7 50. b4 g5 51. Kd3 Kf7 52. Ke4 Ke6 53. Bg3 g4 54. a4 Kd7 55. b5 axb5 56. axb5 Bc5 57. Be1 Kc7 58. Kf4 Kb6 59. Kxg4 Kxb5 60. Kf3 Kc4 61. Ke2 Ba3 62. Kd1 d3 63. Bh4 Bb2 1/2-1/2

[Event "Montcalm VII 2008-09"]
[Site "Quebec CAN"]
[Date "2009.05.14"]
[Round "3"]
[White "Lamontagne, Danny"]
[Black "Lapierre, Gaetan"]
[Result "1-0"]
[WhiteElo "1668"]
[BlackElo "1896"]
[PlyCount "111"]
[GameId "2160767910156963"]
[EventDate "2009.04.30"]
[EventType "swiss"]
[EventRounds "5"]
[EventCountry "CAN"]
[SourceTitle "EXT 2011"]
[Source "ChessBase"]
[SourceDate "2011.11.26"]
[SourceVersion "1"]
[SourceVersionDate "2011.11.26"]
[SourceQuality "1"]

1. e4 d6 2. d4 Nf6 3. Nc3 g6 4. Nf3 Bg7 5. h3 O-O 6. Be3 c6 7. a4 Nbd7 8. Be2 a5 9. O-O Qc7 10. Nd2 e5 11. dxe5 dxe5 12. Nc4 Rd8 13. Qd6 Qxd6 14. Nxd6 Nf8 15. Nxc8 Rdxc8 16. Rfd1 Ne6 17. Rd2 Bf8 18. Bc4 Bb4 19. Bxe6 fxe6 20. f3 Rd8 21. Rad1 Rxd2 22. Rxd2 Kf7 23. Bg5 Be7 24. Kf1 Rb8 25. Ke2 b5 26. axb5 cxb5 27. Be3 Ke8 28. b3 Bb4 29. Rd3 Ke7 30. Na2 Bd6 31. Bg5 Rc8 32. Bxf6+ Kxf6 33. Rxd6 Rxc2+ 34. Rd2 Rc7 35. Kd1 b4 36. Rc2 Rb7 37. Rc5 a4 38. bxa4 b3 39. Nc3 Rd7+ 40. Ke2 b2 41. Rb5 Rc7 42. Kd2 b1=Q 43. Rxb1 Kg5 44. g3 h5 45. h4+ Kf6 46. a5 g5 47. hxg5+ Kxg5 48. Rb5 Kf6 49. a6 Ra7 50. Ra5 h4 51. gxh4 Kg6 52. Nb5 Ra8 53. a7 Kh5 54. Nc7 Rd8+ 55. Ke2 Kxh4 56. a8=Q 1-0

[Event "Montcalm VII 2008-09"]
[Site "Quebec CAN"]
[Date "2009.05.21"]
[Round "4"]
[White "Bourassa, Andre"]
[Black "Lamontagne, Danny"]
[Result "0-1"]
[WhiteElo "1755"]
[BlackElo "1668"]
[PlyCount "90"]
[GameId "2160767910156964"]
[EventDate "2009.04.30"]
[EventType "swiss"]
[EventRounds "5"]
[EventCountry "CAN"]

1. d4 Nf6 2. c4 c5 3. d5 b5 4. cxb5 a6 5. bxa6 Bxa6 6. Nc3 g6 7. e4 Bxf1 8. Kxf1 d6 9. g3 Bg7 10. Kg2 O-O 11. Nge2 Nbd7 12. f4 Qa5 13. Bd2 Rfb8 14. Qc2 Ne8 15. Rab1 Nc7 16. a4 Qa6 17. b3 e6 18. dxe6 fxe6 19. Rhd1 d5 20. Be3 d4 21. Nxd4 cxd4 22. Bxd4 Nf6 23. Qd3 Qb7 24. Kg1 Rd8 25. e5 Nd7 26. Ne4 Nxe5 27. fxe5 Bxe5 28. Bxe5 Rxd3 29. Nf6+ Kf7 30. Rxd3 Nd5 31. Ne4 Kg8 32. Rc1 Rc8 33. Rf1 Rf8 34. Rxf8+ Kxf8 35. Bd6+ Kg7 36. Rf3 Nf6 37. Ng5 Qb6+ 38. Kg2 Qxd6 39. Nh3 Qd2+ 40. Nf2 Ng4 41. h3 Nxf2 42. Rxf2 Qd5+ 43. Rf3 e5 44. Kf2 Qd2+ 45. Kg1 e4 0-1

[Event "Montcalm VII 2008-09"]
[Site "Quebec CAN"]
[Date "2009.05.28"]
[Round "5"]
[White "Lamontagne, Danny"]
[Black "Cummins, Paul"]
[Result "0-1"]
[WhiteElo "1668"]
[BlackElo "1664"]
[PlyCount "100"]
[GameId "2160767910156965"]
[EventDate "2009.04.30"]
[EventType "swiss"]
[EventRounds "5"]
[EventCountry "CAN"]
[SourceTitle "EXT 2011"]
[Source "ChessBase"]
[SourceDate "2011.11.26"]
[SourceVersion "1"]
[SourceVersionDate "2011.11.26"]
[SourceQuality "1"]

1. e4 e5 2. Nf3 Nc6 3. Bc4 Nf6 4. Ng5 d5 5. exd5 Na5 6. Bb5+ c6 7. dxc6 bxc6 8. Qf3 Bd7 9. Bd3 h6 10. Ne4 Nd5 11. b3 Be7 12. Qg3 O-O 13. Bb2 f6 14. O-O Nf4 15. Na3 Bf5 16. Rfe1 Nxd3 17. cxd3 Nb7 18. Nc4 Qd7 19. Re3 Nd8 20. Rae1 Ne6 21. Qf3 Nd4 22. Bxd4 exd4 23. R3e2 Bg4 24. Qg3 Bxe2 25. Rxe2 Rae8 26. Qf3 Bd8 27. Ncd6 Re6 28. Nf5 Kh7 29. h3 Bc7 30. g4 Re5 31. b4 Rf7 32. Nc5 Qe8 33. Re4 Rxe4 34. Qxe4 Qxe4 35. dxe4 d3 36. Nd4 Bb6 37. Nxc6 Bxc5 38. bxc5 Rc7 39. Nb4 Rxc5 40. Kg2 Rc4 41. Nxd3 Rd4 42. Nc5 Rxd2 43. a4 Rc2 44. Nd3 Rc4 45. e5 fxe5 46. Nxe5 Rxa4 47. Kg3 g5 48. h4 Ra3+ 49. Nf3 gxh4+ 50. Kg2 h3+ 0-1

[Event "Montcalm-ch 2008-09"]
[Site "Quebec CAN"]
[Date "2009.04.30"]
[Round "1"]
[White "Caron, Sebastien"]
[Black "Caire, Francois"]
[Result "0-1"]
[WhiteElo "1996"]
[BlackElo "2283"]
[PlyCount "94"]
[GameId "2160767910156966"]
[EventDate "2009.04.30"]
[EventType "tourn"]
[EventRounds "5"]
[EventCountry "CAN"]
[SourceTitle "EXT 2011"]
[Source "ChessBase"]
[SourceDate "2011.11.26"]
[SourceVersion "1"]
[SourceVersionDate "2011.11.26"]
[SourceQuality "1"]

1. e4 c5 2. Nf3 Nc6 3. d4 cxd4 4. Nxd4 e6 5. Nc3 Qc7 6. Be2 a6 7. O-O Nf6 8. Be3 Bb4 9. Nxc6 bxc6 10. Bd3 d5 11. exd5 cxd5 12. Na4 Bb7 13. c3 Bd6 14. f4 O-O 15. Rc1 e5 16. fxe5 Bxe5 17. h3 d4 18. cxd4 Bh2+ 19. Kh1 Qg3 20. Rf3 Bxf3 21. Qxf3 Qxf3 22. gxf3 Bd6 23. Nc5 a5 24. Nb7 Be7 25. Be4 Rab8 26. Bf4 Nxe4 27. Bxb8 Rxb8 28. fxe4 Rxb7 29. Rc2 f6 30. Kg2 Rb4 31. Rd2 Rc4 32. Kf3 Kf7 33. Ke3 Rc1 34. Kd3 h5 35. Rf2 g5 36. e5 Ke6 37. exf6 Bxf6 38. d5+ Ke5 39. Kd2 Rc5 40. b3 Rxd5+ 41. Kc3 g4 42. Re2+ Kf4+ 43. Kc4 Rf5 44. hxg4 hxg4 45. Rf2+ Ke4 46. Re2+ Kf3 47. Re1 Kf2 0-1

[Event "Montcalm-ch 2008-09"]
[Site "Quebec CAN"]
[Date "2009.04.30"]
[Round "1"]
[White "Perron, Jonathan"]
[Black "Cournoyer, Dominic"]
[Result "1-0"]
[WhiteElo "2004"]
[BlackElo "1963"]
[PlyCount "79"]
[GameId "2160767910156967"]
[EventDate "2009.04.30"]
[EventType "tourn"]
[EventRounds "5"]
[EventCountry "CAN"]
[SourceTitle "EXT 2011"]
[Source "ChessBase"]
[SourceDate "2011.11.26"]
[SourceVersion "1"]
[SourceVersionDate "2011.11.26"]
[SourceQuality "1"]

1. e4 d5 2. exd5 Nf6 3. Nf3 Nxd5 4. d4 Bf5 5. c4 Nb6 6. Nc3 e6 7. c5 Nd5 8. Qb3 b6 9. Ne5 c6 10. Qa4 Qc7 11. Nxd5 exd5 12. Bf4 Qb7 13. b4 b5 14. Qa5 Be7 15. Be2 Bd8 16. Qa3 a5 17. Qg3 O-O 18. O-O axb4 19. Bg4 Ra3 20. f3 Bxg4 21. Nxg4 Nd7 22. Bd6 Bf6 23. Nxf6+ Nxf6 24. Bxf8 Kxf8 25. Rfe1 g6 26. Qd6+ Kg7 27. Re7 Qc8 28. Rae1 Rxa2 29. Rxf7+ Kxf7 30. Re7+ Kg8 31. Qxf6 Ra1+ 32. Kf2 Ra2+ 33. Kg3 Qb8+ 34. Kh3 Qc8+ 35. Kh4 Qf8 36. Qe6+ Kh8 37. Re8 Kg7 38. Rxf8 Kxf8 39. Kg5 Ra7 40. Kf6 1-0

[Event "Montcalm-ch 2008-09"]
[Site "Quebec CAN"]
[Date "2009.04.30"]
[Round "1"]
[White "Sauve, Richard"]
[Black "Dube, Daniel"]
[Result "1/2-1/2"]
[WhiteElo "1966"]
[BlackElo "1720"]
[PlyCount "64"]
[GameId "2160767910156968"]
[EventDate "2009.04.30"]
[EventType "tourn"]
[EventRounds "5"]
[EventCountry "CAN"]
[SourceTitle "EXT 2011"]
[Source "ChessBase"]
[SourceDate "2011.11.26"]
[SourceVersion "1"]
[SourceVersionDate "2011.11.26"]
[SourceQuality "1"]

1. d4 d5 2. c4 c6 3. e3 Nf6 4. Nc3 e6 5. Nf3 Nbd7 6. Qc2 Bd6 7. e4 dxe4 8. Nxe4 Nxe4 9. Qxe4 Nf6 10. Qc2 Qc7 11. Bd3 c5 12. dxc5 Bxc5 13. O-O h6 14. b3 Bd7 15. Bb2 Bc6 16. Ne5 Bd6 17. f4 Bc5+ 18. Kh1 O-O-O 19. Rae1 h5 20. Nxc6 Qxc6 21. Rf3 Bd4 22. b4 Bxb2 23. Qxb2 h4 24. Qe2 h3 25. g3 Rd4 26. b5 Qc5 27. Qe5 Qb4 28. Qxd4 Qxe1+ 29. Rf1 Qd2 30. Rf2 Qd1+ 31. Rf1 Qd2 32. Rf2 Qd1+ 1/2-1/2

[Event "Montcalm-ch 2008-09"]
[Site "Quebec CAN"]
[Date "2009.05.07"]
[Round "2"]
[White "Caire, Francois"]
[Black "Perron, Jonathan"]
[Result "1-0"]
[WhiteElo "2283"]
[BlackElo "2004"]
[PlyCount "89"]
[GameId "2160767910156969"]
[EventDate "2009.04.30"]
[EventType "tourn"]
[EventRounds "5"]
[EventCountry "CAN"]
[SourceTitle "EXT 2011"]
[Source "ChessBase"]
[SourceDate "2011.11.26"]
[SourceVersion "1"]
[SourceVersionDate "2011.11.26"]
[SourceQuality "1"]

1. d4 Nf6 2. c4 e6 3. Nf3 Bb4+ 4. Bd2 Qe7 5. g3 O-O 6. Bg2 Ne4 7. O-O f5 8. Be3 c5 9. a3 cxd4 10. Nxd4 Ba5 11. Nxf5 exf5 12. Qd5+ Qe6 13. Qxa5 Qxc4 14. Nd2 Qxe2 15. Nxe4 fxe4 16. Bxe4 Nc6 17. Qd5+ Kh8 18. Bc5 d6 19. Rae1 Qg4 20. Qxd6 Bf5 21. f3 Qg5 22. f4 Qh5 23. Bf3 Qh3 24. Qc7 Rfc8 25. Qxb7 Rab8 26. Qf7 Bg6 27. Qa2 Qf5 28. b4 Qd3 29. Rd1 Qc3 30. f5 Be8 31. Qe6 Ne5 32. Bg2 Bf7 33. Qe7 Re8 34. Qxa7 Rbd8 35. Rxd8 Rxd8 36. Qe7 Re8 37. Qg5 h6 38. Qc1 Qd3 39. f6 g5 40. a4 Qe2 41. a5 Ng4 42. Qd1 Qc4 43. a6 h5 44. a7 Qa2 45. Qa1 1-0

[Event "Montcalm-ch 2008-09"]
[Site "Quebec CAN"]
[Date "2009.05.07"]
[Round "2"]
[White "Dube, Daniel"]
[Black "Cournoyer, Dominic"]
[Result "0-1"]
[WhiteElo "1720"]
[BlackElo "1963"]
[PlyCount "150"]
[GameId "2160767910156970"]
[EventDate "2009.04.30"]
[EventType "tourn"]
[EventRounds "5"]
[EventCountry "CAN"]

1. Nf3 d5 2. d4 c5 3. g3 Nf6 4. Bg2 e6 5. O-O Bd6 6. c4 dxc4 7. dxc5 Bxc5 8. Qxd8+ Kxd8 9. Ne5 Ke7 10. Bg5 Nbd7 11. Nxc4 h6 12. Be3 Bxe3 13. Nxe3 Rb8 14. Nc3 b6 15. Rfd1 Bb7 16. Nb5 a6 17. Nd6 Bxg2 18. Kxg2 Rhd8 19. Rac1 Nc5 20. Ndc4 Rxd1 21. Rxd1 Na4 22. f3 b5 23. Ne5 Rc8 24. Rd2 Nb6 25. b3 Rc7 26. Nc2 Nfd5 27. Nd4 Ne3+ 28. Kf2 Nbd5 29. h4 Rc1 30. g4 Rf1+ 31. Kg3 Rg1+ 32. Kf2 Rg2+ 33. Ke1 Rg1+ 34. Kf2 Rf1+ 35. Kg3 Ra1 36. Kf2 Rh1 37. Nc2 Rh2+ 38. Kg1 Rg2+ 39. Kh1 Rh2+ 40. Kxh2 Nf1+ 41. Kg2 Nxd2 42. e4 Nc3 43. Nc6+ Kd6 44. Nb8 a5 45. b4 Nxa2 46. bxa5 b4 47. a6 Kc7 48. a7 Kb7 49. Nd4 b3 50. Nxb3 Nxb3 51. a8=Q+ Kxa8 52. Nc6 Kb7 53. Nd8+ Kc7 54. Nxf7 Nc3 55. h5 Nd4 56. g5 hxg5 57. Nxg5 Kd7 58. f4 Ke7 59. Kf2 Nde2 60. Kf3 Nd4+ 61. Ke3 Nc6 62. f5 e5 63. Ne6 Kf6 64. Kd3 Nd1 65. Kc4 Nf2 66. Kd5 Ne7+ 67. Kd6 Nxe4+ 68. Kd7 Nxf5 69. Nd8 Neg3 70. Kc6 e4 71. Nb7 e3 72. Nc5 e2 73. Nd3 Nd4+ 74. Kd5 Nf3 75. h6 gxh6 0-1

[Event "Montcalm-ch 2008-09"]
[Site "Quebec CAN"]
[Date "2009.05.07"]
[Round "2"]
[White "Dube, Daniel"]
[Black "Cournoyer, Dominic"]
[Result "0-1"]
[WhiteElo "1720"]
[BlackElo "1963"]
[PlyCount "102"]
[GameId "2160767910156971"]
[EventDate "2009.04.30"]
[EventType "tourn"]
[EventRounds "5"]
[EventCountry "CAN"]
[SourceTitle "EXT 2011"]
[Source "ChessBase"]
[SourceDate "2011.11.26"]
[SourceVersion "1"]
[SourceVersionDate "2011.11.26"]
[SourceQuality "1"]

1. Nf3 d5 2. d4 c5 3. g3 Nf6 4. Bg2 e6 5. O-O Bd6 6. c4 dxc4 7. dxc5 Bxc5 8. Qxd8+ Kxd8 9. Ne5 Ke7 10. Bg5 Nbd7 11. Nxc4 h6 12. Be3 Bxe3 13. Nxe3 Rb8 14. Nc3 b6 15. Rfd1 Bb7 16. Nb5 a6 17. Nd6 Rhd8 18. Rac1 Nc5 19. Ndc4 Rxd1+ 20. Rxd1 Na4 21. f3 b5 22. Ne5 Rc8 23. Rd2 Nb6 24. b3 Rc7 25. Nc2 Nfd5 26. Nd4 Ne3 27. Kf2 Nbd5 28. h4 Rc1 29. g4 Rf1+ 30. Kg3 Rg1 31. Kf2 Rxg2+ 32. Ke1 Rg1+ 33. Kf2 Rf1+ 34. Kg3 Ra1 35. Kf2 Rh1 36. Nc2 Rh2+ 37. Kg1 Rg2+ 38. Kh1 Rh2+ 39. Kxh2 Nf1+ 40. Kg2 Nxd2 41. e4 Nc3 42. Nc6+ Kd6 43. Nb8 a5 44. b4 Nxa2 45. bxa5 b4 46. a6 Kc7 47. a7 b3 48. a8=Q Nc3 49. h5 g5 50. f4 f5 51. Nd4 Nf3 0-1

[Event "Montcalm-ch 2008-09"]
[Site "Quebec CAN"]
[Date "2009.05.07"]
[Round "2"]
[White "Sauve, Richard"]
[Black "Caron, Sebastien"]
[Result "1-0"]
[WhiteElo "1966"]
[BlackElo "1996"]
[PlyCount "107"]
[GameId "2160767910156972"]
[EventDate "2009.04.30"]
[EventType "tourn"]
[EventRounds "5"]
[EventCountry "CAN"]
[SourceTitle "EXT 2011"]
[Source "ChessBase"]
[SourceDate "2011.11.26"]
[SourceVersion "1"]
[SourceVersionDate "2011.11.26"]
[SourceQuality "1"]

1. d4 f5 2. g3 Nf6 3. Bg2 g6 4. Nf3 Bg7 5. O-O O-O 6. c4 d6 7. Nc3 Qe8 8. b3 e5 9. dxe5 dxe5 10. e4 fxe4 11. Ng5 Nc6 12. Ba3 Bg4 13. Qc1 Ne7 14. h3 Bd7 15. Ngxe4 Nxe4 16. Nxe4 Bc6 17. Qg5 Rf7 18. g4 h6 19. Qe3 g5 20. Bxe7 Rxe7 21. Ng3 Bxg2 22. Kxg2 Qc6+ 23. Kg1 Bf8 24. Rad1 Re6 25. Rd5 Bd6 26. Qe4 Rf8 27. Nf5 Qe8 28. c5 Be7 29. Rxe5 Rxe5 30. Qxe5 Bf6 31. Qd5+ Kh8 32. Rd1 h5 33. Kf1 Qb5+ 34. Kg2 Rd8 35. Qe6 Qc6+ 36. Qxc6 bxc6 37. Rxd8+ Bxd8 38. Kf3 hxg4+ 39. hxg4 Kh7 40. Nd4 Be7 41. b4 Bf6 42. Nxc6 Bc3 43. b5 Kg6 44. Ke4 Kf6 45. Nxa7 Ke6 46. Nc6 Kd7 47. a4 Be1 48. f3 Bf2 49. Kd5 Kc8 50. a5 Kb7 51. Nd4 Be3 52. Ne6 Bd2 53. a6+ Kb8 54. Kc6 1-0

[Event "Montcalm-ch 2008-09"]
[Site "Quebec CAN"]
[Date "2009.05.14"]
[Round "3"]
[White "Caron, Sebastien"]
[Black "Dube, Daniel"]
[Result "1-0"]
[WhiteElo "1996"]
[BlackElo "1720"]
[PlyCount "143"]
[GameId "2160767910156973"]
[EventDate "2009.04.30"]
[EventType "tourn"]
[EventRounds "5"]
[EventCountry "CAN"]
[SourceTitle "EXT 2011"]
[Source "ChessBase"]
[SourceDate "2011.11.26"]
[SourceVersion "1"]
[SourceVersionDate "2011.11.26"]
[SourceQuality "1"]

1. e4 Nf6 2. Nc3 d5 3. exd5 Nxd5 4. Bc4 Nb6 5. Bb3 Nc6 6. a3 Nd4 7. Ba2 Bf5 8. d3 e6 9. Be3 Be7 10. Nf3 Bg4 11. Bxd4 Bxf3 12. Qxf3 Qxd4 13. Qxb7 O-O 14. Qe4 Qf6 15. Bb3 Rfd8 16. O-O Rd4 17. Qe2 Rh4 18. g3 Rh6 19. Nd1 Qf5 20. Qe4 Qh5 21. Qg2 Bf6 22. Rb1 Rd8 23. Ne3 Rd4 24. Rfe1 Rh4 25. Nf1 Rg6 26. Re4 h6 27. Rxh4 Bxh4 28. Nd2 Bf6 29. Ne4 Bd4 30. c3 Qb5 31. Bc2 Be5 32. d4 Qe2 33. f3 Qxg2+ 34. Kxg2 Bf4 35. Nf2 f5 36. Bb3 Bd6 37. Nd3 Nd7 38. Re1 Kf7 39. f4 h5 40. d5 exd5 41. Bxd5+ Kf8 42. Be6 Nc5 43. Nxc5 Bxc5 44. Bxf5 Rd6 45. Re2 g6 46. Bc2 a5 47. Kf3 Kf7 48. h3 Kf6 49. Re5 Bb6 50. Rg5 Rd2 51. Bxg6 Rxb2 52. a4 Rb3 53. Ke4 Rxc3 54. Bxh5 Rc4+ 55. Kd3 Rc5 56. Rxc5 Bxc5 57. Ke4 Bf2 58. g4 c5 59. g5+ Kg7 60. Be2 Bh4 61. Kf5 Bf2 62. Kg4 Bd4 63. Bd3 Bc3 64. h4 Bd4 65. h5 Bc3 66. h6+ Kh8 67. g6 c4 68. g7+ Bxg7 69. hxg7+ Kxg7 70. Bxc4 Kf6 71. Kf3 Kf5 72. Bd5 1-0

[Event "Montcalm-ch 2008-09"]
[Site "Quebec CAN"]
[Date "2009.05.14"]
[Round "3"]
[White "Cournoyer, Dominic"]
[Black "Caire, Francois"]
[Result "0-1"]
[WhiteElo "1963"]
[BlackElo "2283"]
[PlyCount "68"]
[GameId "2160767910156974"]
[EventDate "2009.04.30"]
[EventType "tourn"]
[EventRounds "5"]
[EventCountry "CAN"]
[SourceTitle "EXT 2011"]
[Source "ChessBase"]
[SourceDate "2011.11.26"]
[SourceVersion "1"]
[SourceVersionDate "2011.11.26"]
[SourceQuality "1"]

1. c4 c6 2. Nc3 d5 3. e3 Nf6 4. Nf3 e6 5. b3 Nbd7 6. d4 Bb4 7. Bd2 O-O 8. Bd3 Qe7 9. O-O dxc4 10. bxc4 e5 11. Bb1 Bd6 12. Re1 Re8 13. Qc2 h6 14. Ne4 Nxe4 15. Qxe4 Nf6 16. Qc2 e4 17. Ne5 Bxe5 18. dxe5 Qxe5 19. Bc3 Qg5 20. Rf1 Bh3 21. f3 exf3 22. Bxf6 gxf6 23. Rxf3 Rxe3 24. Rxh3 Rxh3 25. Qh7+ Kf8 26. Qh8+ Ke7 27. Qxa8 Qc1+ 28. Kf2 Qb2+ 29. Bc2 Qd4+ 30. Kf1 Qxc4+ 31. Kf2 Qd4+ 32. Kf1 Qxa1+ 33. Ke2 Qe5+ 34. Kf1 Qf4+ 0-1

[Event "Montcalm-ch 2008-09"]
[Site "Quebec CAN"]
[Date "2009.05.14"]
[Round "3"]
[White "Perron, Jonathan"]
[Black "Sauve, Richard"]
[Result "0-1"]
[WhiteElo "2004"]
[BlackElo "1966"]
[PlyCount "146"]
[GameId "2160767910156975"]
[EventDate "2009.04.30"]
[EventType "tourn"]
[EventRounds "5"]
[EventCountry "CAN"]
[SourceTitle "EXT 2011"]
[Source "ChessBase"]
[SourceDate "2011.11.26"]
[SourceVersion "1"]
[SourceVersionDate "2011.11.26"]
[SourceQuality "1"]

1. e4 e6 2. d4 d5 3. Nd2 Nf6 4. e5 Nfd7 5. Ngf3 c5 6. c3 Nc6 7. Bd3 g6 8. h4 h5 9. Nf1 cxd4 10. cxd4 Qb6 11. Be3 Qxb2 12. Ng3 Nb4 13. O-O Nxd3 14. Qxd3 Qa3 15. Qb5 a6 16. Qe2 Be7 17. Rfc1 Nb6 18. Ng5 Nc4 19. Rab1 b5 20. Rb3 Qa5 21. Qf3 Bxg5 22. Bxg5 Qc7 23. a4 Rb8 24. Qf6 Rh7 25. Rcb1 Na5 26. Rb4 Nc6 27. Rc1 Bd7 28. axb5 Rxb5 29. Rxb5 axb5 30. Rc5 b4 31. Ne2 Qd8 32. Qxd8+ Nxd8 33. Ra5 Bc8 34. Bxd8 Kxd8 35. Ra4 f6 36. exf6 Rb7 37. f7 Ke7 38. Ra8 Rc7 39. Rb8 Rc4 40. Nf4 Kxf7 41. Nd3 Rxd4 42. Ne5+ Kf6 43. Nc6 Rd1+ 44. Kh2 Bd7 45. Nxb4 e5 46. Rd8 Ke7 47. Rg8 Bf5 48. Nc6+ Kd6 49. Na5 d4 50. Nb7+ Kd5 51. Rd8+ Kc6 52. Na5+ Kc7 53. Re8 Re1 54. Nc4 e4 55. Kg3 Rc1 56. Nd2 Kd7 57. Re5 Kd6 58. Kf4 Rc2 59. Nxe4+ Bxe4 60. Rxe4 Rxf2+ 61. Kg3 Rd2 62. Kf3 Kd5 63. Re8 Ra2 64. Rd8+ Kc4 65. Rd6 d3 66. Rxg6 Kc3 67. g4 hxg4+ 68. Rxg4 Rh2 69. Rg8 Rxh4 70. Rc8+ Kd2 71. Rd8 Rh3+ 72. Ke4 Ke2 73. Ra8 d2 0-1

[Event "Montcalm-ch 2008-09"]
[Site "Quebec CAN"]
[Date "2009.05.21"]
[Round "4"]
[White "Caron, Sebastien"]
[Black "Perron, Jonathan"]
[Result "1/2-1/2"]
[WhiteElo "1996"]
[BlackElo "2004"]
[PlyCount "98"]
[GameId "2160767910156976"]
[EventDate "2009.04.30"]
[EventType "tourn"]
[EventRounds "5"]
[EventCountry "CAN"]
[SourceTitle "EXT 2011"]
[Source "ChessBase"]
[SourceDate "2011.11.26"]
[SourceVersion "1"]
[SourceVersionDate "2011.11.26"]
[SourceQuality "1"]

1. d4 Nf6 2. c4 e6 3. Nf3 Bb4+ 4. Bd2 Qe7 5. g3 Nc6 6. Bg2 d5 7. a3 Bxd2+ 8. Nbxd2 O-O 9. Qc2 Rd8 10. e3 e5 11. cxd5 Nxd5 12. dxe5 Nxe5 13. O-O Nxf3+ 14. Nxf3 c6 15. Rad1 Bg4 16. Rd4 Bh5 17. Re1 Re8 18. Nd2 Nf6 19. Ne4 Bg6 20. Nxf6+ Qxf6 21. Qc3 Qe7 22. Red1 Rad8 23. Qd2 Rxd4 24. Qxd4 a6 25. Qd7 h6 26. Qxe7 Rxe7 27. Bf3 Bf5 28. h4 Rd7 29. Rxd7 Bxd7 30. Kf1 Kf8 31. Ke2 Ke7 32. Kd3 Kd6 33. b4 Bf5+ 34. e4 Be6 35. Kd4 f6 36. Be2 Bc8 37. f4 b6 38. e5+ fxe5+ 39. fxe5+ Ke7 40. Bf3 Bd7 41. Be2 Bc8 42. a4 a5 43. bxa5 c5+ 44. Kc3 bxa5 45. Bc4 Bb7 46. Bb3 Ba6 47. Bd5 Kd7 48. Kd2 Ke7 49. Kc3 Kd7 1/2-1/2

[Event "Montcalm-ch 2008-09"]
[Site "Quebec CAN"]
[Date "2009.05.21"]
[Round "4"]
[White "Dube, Daniel"]
[Black "Caire, Francois"]
[Result "0-1"]
[WhiteElo "1720"]
[BlackElo "2283"]
[PlyCount "44"]
[GameId "2160767910156977"]
[EventDate "2009.04.30"]
[EventType "tourn"]
[EventRounds "5"]
[EventCountry "CAN"]
[SourceTitle "EXT 2011"]
[Source "ChessBase"]
[SourceDate "2011.11.26"]
[SourceVersion "1"]
[SourceVersionDate "2011.11.26"]
[SourceQuality "1"]

1. c4 Nf6 2. Nc3 e6 3. Nf3 d5 4. d4 Bb4 5. Bg5 dxc4 6. Bxf6 Qxf6 7. Qa4+ Nc6 8. Ne5 Bd7 9. Nxd7 Qxd4 10. Rd1 Bxc3+ 11. bxc3 Qxc3+ 12. Rd2 O-O-O 13. Qc2 Qxc2 14. Rxc2 Rxd7 15. Rxc4 Rhd8 16. f3 Rd1+ 17. Kf2 Ra1 18. e3 Rd2+ 19. Kg3 Rdd1 20. Kf2 Rxa2+ 21. Kg3 Raa1 22. Kf2 a5 0-1

[Event "Montcalm-ch 2008-09"]
[Site "Quebec CAN"]
[Date "2009.05.21"]
[Round "4"]
[White "Sauve, Richard"]
[Black "Cournoyer, Dominic"]
[Result "1-0"]
[WhiteElo "1966"]
[BlackElo "1963"]
[PlyCount "77"]
[GameId "2160767910156978"]
[EventDate "2009.04.30"]
[EventType "tourn"]
[EventRounds "5"]
[EventCountry "CAN"]
[SourceTitle "EXT 2011"]
[Source "ChessBase"]
[SourceDate "2011.11.26"]
[SourceVersion "1"]
[SourceVersionDate "2011.11.26"]
[SourceQuality "1"]

1. d4 d5 2. c4 c6 3. e3 Nf6 4. Nc3 e6 5. Nf3 Bd6 6. Qc2 O-O 7. e4 dxe4 8. Nxe4 Nxe4 9. Qxe4 Nd7 10. Bd3 Nf6 11. Qh4 Qa5+ 12. Bd2 Bb4 13. Qg5 Qxg5 14. Nxg5 Bxd2+ 15. Kxd2 Rd8 16. Kc3 h6 17. Nf3 Nd7 18. b4 a5 19. a3 b6 20. Be4 Bb7 21. Ne5 Nxe5 22. dxe5 Rd7 23. Rhd1 Rad8 24. Rxd7 Rxd7 25. c5 bxc5 26. bxc5 f5 27. exf6 gxf6 28. Rb1 f5 29. Bf3 e5 30. Rb6 e4 31. Be2 Kf7 32. Bc4+ Kf6 33. Ba6 Ba8 34. Rb8 Ra7 35. Bc4 Kg6 36. Rd8 Kf6 37. Kd4 a4 38. Rf8+ Kg7 39. Rxf5 1-0